Marcatori della Roma in UEFA Europa League 2020-2021 - Statistics

Statistiche generali
  • Questo quiz è stato fatto 12 volte
  • Il punteggio medio è 23 su 29
Statistiche sulle risposte
Partita Minuto Marcatore % Corretto
Roma - Young Boys 3-1 81' Edin Džeko
100%
Sporting Braga - Roma 0-2 5' Edin Džeko
100%
Roma - CFR Cluj 5-0 34' Borja Mayoral
92%
Roma - CFR Cluj 5-0 84' Borja Mayoral
92%
Roma - Young Boys 3-1 44' Borja Mayoral
92%
Sporting Braga - Roma 0-2 86' Borja Mayoral
92%
Roma - Sporting Braga 3-1 91' Borja Mayoral
92%
Shakhtar Donestk - Roma 1-2 48' Borja Mayoral
92%
Shakhtar Donestk - Roma 1-2 72' Borja Mayoral
92%
Roma - Manchester United 3-2 60' Bryan Cristante
92%
Roma - Sporting Braga 3-1 27' Edin Džeko
92%
Roma - Ajax 1-1 72' Edin Džeko
92%
Manchester United - Roma 6-2 34' Edin Džeko
92%
Roma - Manchester United 3-2 57' Edin Džeko
92%
Roma - Shakhtar Donetsk 3-0 77' Gianluca Mancini
92%
Roma - Shakhtar Donetsk 3-0 23' Lorenzo Pellegrini
92%
Ajax - Roma 1-2 57' Lorenzo Pellegrini
92%
Manchester United - Roma 6-2 15' Lorenzo Pellegrini
92%
Roma - Shakhtar Donetsk 3-0 73' Stephan El Shaarawy
92%
Roma - Sporting Braga 3-1 75' Carles Pérez
75%
Roma - CFR Cluj 5-0 24' Roger Ibañez
75%
Ajax - Roma 1-2 87' Roger Ibañez
75%
Young Boys - Roma 1-2 74' Marash Kumbulla
58%
Roma - CFR Cluj 5-0 89' Pedro
58%
Young Boys - Roma 1-2 69' Bruno Peres
50%
CFR Cluj - Roma 0-2 67' Jordan Veretout
50%
Roma - Young Boys 3-1 59' Riccardo Calafiori
50%
CSKA Sofia - Roma 3-1 22' Tommaso Milanese
42%
Roma - CFR Cluj 5-0 2' Henrikh Mkhitaryan
33%
Nessun quiz corrispondente trovato
Distribuzione punteggi
Percentuale di utenti per punteggio
Percentile per numero di risposta
I tuoi punteggi nel tempo
Non hai fatto questo quiz